[Event "24th Metropolitan GM"]
[Site "Los Angeles USA"]
[Date "2013.02.20"]
[Round "1"]
[White "Amanov,Z"]
[Black "Georgiev,Vl"]
[Result "1/2-1/2"]
[WhiteElo "2399"]
[BlackElo "2562"]

1.e4 e5 2.Nf3 Nc6 3.Bb5 a6 4.Ba4 Nf6 5.O-O b5 6.Bb3 Bb7 7.d3 Be7 8.a4 O-O
9.Re1 d6 10.Nbd2 Na5 11.Ba2 c5 12.Nf1 b4 13.Bg5 Rb8 14.Ne3 b3 15.Bxb3 Nxb3
16.cxb3 Bc8 17.Nd2 Be6 18.Ndc4 h6 19.Bh4 g5 20.Bg3 Ne8 21.Qh5 Rxb3 22.Qxh6 Rxd3
23.Rad1 Rd4 24.b3 Bf6 25.f3 Qb8 26.Rb1 Rd3  1/2-1/2

[Event "Zagreb Open A 2013"]
[Site "Zagreb CRO"]
[Date "2013.02.26"]
[Round "2.10"]
[White "Gabre,Z"]
[Black "Sulava,N"]
[Result "0-1"]
[WhiteElo "2157"]
[BlackElo "2481"]

1.e4 e5 2.Nf3 Nc6 3.Bb5 a6 4.Ba4 Nf6 5.O-O b5 6.Bb3 Bb7 7.c3 Nxe4 8.Re1 Nc5
9.Bxf7+ Kxf7 10.d4 Ne6 11.d5 Bd6 12.dxe6+ dxe6 13.Ng5+ Kg8 14.Ne4 Qf8 15.Re3 h6
16.Nbd2 Qe7 17.Nf1 Rf8 18.Nfg3 h5 19.Rf3 Rxf3 20.Qxf3 h4 21.Nf1 h3 22.Bg5 Qf7
23.Qg3 Ne7 24.Bxe7 Bxe4 25.Bxd6 cxd6 26.Rd1 hxg2 27.Ne3 Qe7 28.c4 Bb7 29.c5 dxc5
30.Qxe5 Bf3  0-1

[Event "13th European Seniors"]
[Site "Plovdiv BUL"]
[Date "2013.03.11"]
[Round "1"]
[White "Masich,Vl"]
[Black "Hohler,P"]
[Result "0-1"]
[WhiteElo "1928"]
[BlackElo "2213"]

1.e4 e5 2.Nf3 Nc6 3.Bb5 a6 4.Ba4 Nf6 5.O-O b5 6.Bb3 Bb7 7.Ng5 d5 8.exd5 Nd4
9.Nc3 Nxb3 10.axb3 Nxd5 11.Nf3 Nxc3 12.bxc3 Bd6 13.d4 e4 14.Qe2 Qe7 15.Ne1 O-O
16.c4 c5 17.c3 b4 18.dxc5 Bxc5 19.cxb4 Bxb4 20.Nc2 Bd6 21.Ne3 Qe5 22.Ng4 Qxa1
23.Bb2 Qa5 24.Rd1 Bf4 25.g3 Bg5 26.h4 h5 27.hxg5 hxg4 28.Qxg4 Rad8 29.Ra1 Qb6
30.Bf6 Rd2 31.Qf4 e3 32.fxe3 Rg2+ 33.Kf1 Rh2 34.Bd4 Qxb3 35.g4 Qd3+  0-1

[Event "TCh-SWE Elite 2012-13"]
[Site "Sweden SWE"]
[Date "2013.03.17"]
[Round "9"]
[White "Forsberg,V"]
[Black "Jepson,C"]
[Result "1-0"]
[WhiteElo "2241"]
[BlackElo "2391"]

1.e4 e5 2.Nf3 Nc6 3.Bb5 a6 4.Ba4 Nf6 5.O-O b5 6.Bb3 Bb7 7.d4 Nxd4 8.Bxf7+ Kxf7
9.Nxe5+ Kg8 10.Qxd4 Qe8 11.f3 c5 12.Qc3 b4 13.Qb3+ d5 14.Ng4 Nxg4 15.fxg4 Qxe4
16.Bf4 c4 17.Qg3 Qxc2 18.Nd2 h6 19.Nf3 g5 20.Bd6 Bg7 21.Be5 Rh7 22.Nd4 Qxb2
23.Bxg7 Rxg7 24.Nf5 Rd8 25.Rae1 Bc8 26.Nxh6+ Kh7 27.Qh3 Qc3 28.Re3 Qxe3+
29.Qxe3 Kxh6 30.Qb6+ Kh7 31.Qxd8 Bd7 32.Re1 c3 33.Re7 Ba4 34.Rxg7+  1-0

[Event "TCh-CZE Extraliga 2012-13"]
[Site "Czech Republic CZE"]
[Date "2013.03.23"]
[Round "7.1"]
[White "Shirov,A"]
[Black "Luch,M"]
[Result "1-0"]
[WhiteElo "2716"]
[BlackElo "2429"]

1.e4 e5 2.Nf3 Nc6 3.Bb5 a6 4.Ba4 Nf6 5.O-O b5 6.Bb3 Bb7 7.c3 Nxe4 8.d4 Na5
9.Bc2 exd4 10.b4 Nc4 11.Bxe4 Bxe4 12.Re1 f5 13.Bg5 Be7 14.Bxe7 Qxe7 15.Nxd4 O-O
16.f3 Qg5 17.fxe4 fxe4 18.a4 Rf7 19.Na3 Nd2 20.h4 Qh6 21.Qg4 Raf8 22.Qg5 Qxg5
23.hxg5 bxa4 24.Nac2 c5 25.bxc5 Rc8 26.c6 dxc6 27.Rxa4 c5 28.Ne6  1-0

[Event "44th Marcel Duchamp"]
[Site "Buenos Aires ARG"]
[Date "2013.03.27"]
[Round "6.8"]
[White "Dimuro,M"]
[Black "Pierrot,Fac"]
[Result "1/2-1/2"]
[WhiteElo "2274"]
[BlackElo "2426"]

1.e4 e5 2.Nf3 Nc6 3.Bb5 a6 4.Ba4 Nf6 5.O-O b5 6.Bb3 Bb7 7.d3 Bc5 8.Nc3 O-O
9.Bg5 h6 10.Bh4 Be7 11.Bg3 d6 12.a3 Bc8 13.h3 Be6 14.Bxe6 fxe6 15.d4 exd4
16.Nxd4 Nxd4 17.Qxd4 Nh5 18.Bh2 Bg5 19.a4 Rb8 20.axb5 axb5 21.e5 Bf4 22.exd6 cxd6
23.Ne2 Bxh2+ 24.Kxh2 Nf6 25.Ra6 Ne8 26.Qg4 Qc8 27.Ra7 Qc4 28.b3 Qxg4 29.hxg4 Nf6
30.Kh3 Rf7 31.Rfa1 b4 32.Nd4 Ne4 33.f3 Nc5 34.Nc6 Rb6 35.Ra8+ Kh7 36.Nd4 Kg6
37.Re8 Kf6 38.Re1 Re7 39.Rf8+ Rf7 40.Re8 Re7  1/2-1/2

[Event "O2C Doeberl Cup Premier 2013"]
[Site "Canberra AUS"]
[Date "2013.03.29"]
[Round "4.9"]
[White "Horvath,Ad1"]
[Black "Rishi,S"]
[Result "1/2-1/2"]
[WhiteElo "2509"]
[BlackElo "2232"]

1.e4 e5 2.Nf3 Nc6 3.Bb5 a6 4.Ba4 Nf6 5.O-O b5 6.Bb3 Bb7 7.Re1 Bc5 8.c3 d6
9.d4 Bb6 10.a4 h6 11.d5 Ne7 12.axb5 axb5 13.Rxa8 Bxa8 14.Na3 c6 15.dxc6 Bxc6
16.Qd3 Qb8 17.Be3 Bc7 18.Bd2 O-O 19.Nh4 Kh8 20.Bc2 Rd8 21.Qf3 Neg8 22.Nf5 d5
23.Qg3 Nh5 24.Qh4 Nf4 25.Bxf4 exf4 26.Nd4 Ba8 27.Naxb5 dxe4 28.Nxc7 Qxc7
29.Bxe4 Re8 30.f3 Bxe4 31.Rxe4 Rxe4 32.fxe4 Qb7 33.Qxf4 Qxb2 34.Qf3 Nf6 35.e5 Qc1+
36.Kf2 Qxc3 37.Qxc3 Ne4+ 38.Ke3 Nxc3 39.e6 fxe6 40.Nxe6 Kg8  1/2-1/2

[Event "O2C Doeberl Cup Premier 2013"]
[Site "Canberra AUS"]
[Date "2013.03.30"]
[Round "5.14"]
[White "Lane,G"]
[Black "Rishi,S"]
[Result "1-0"]
[WhiteElo "2412"]
[BlackElo "2232"]

1.e4 e5 2.Nf3 Nc6 3.Bb5 a6 4.Ba4 Nf6 5.O-O b5 6.Bb3 Bb7 7.Re1 Bc5 8.c3 d6
9.a4 h6 10.d4 Bb6 11.Be3 Ng4 12.Bc1 exd4 13.h3 Nge5 14.Nxd4 Qf6 15.Be3 Na5
16.axb5 Bxe4 17.Nd2 Bb7 18.bxa6 Rxa6 19.Ba4+ Kf8 20.Qe2 g6 21.b4 Kg7 22.bxa5 Rxa5
23.f4 Rha8 24.fxe5 dxe5 25.Nc4 exd4 26.Nxa5 Rxa5 27.cxd4 Rh5 28.Red1 Qd6
29.Qf2 Rxh3 30.gxh3 Qd5 31.Kh2 c5 32.Bf4  1-0

[Event "e2e4 Gatwick Open 2013"]
[Site "Crawley ENG"]
[Date "2013.04.06"]
[Round "3"]
[White "Lenier,J"]
[Black "Savage,Nicholas W"]
[Result "1-0"]
[WhiteElo "2124"]
[BlackElo "2051"]

1.e4 e5 2.Nf3 Nc6 3.Bb5 a6 4.Ba4 Nf6 5.O-O b5 6.Bb3 Bb7 7.d3 Bd6 8.c3 O-O
9.Bg5 h6 10.Bh4 Be7 11.Nbd2 d6 12.Re1 Na5 13.Bc2 c5 14.Nf1 Re8 15.Ne3 Bf8
16.Qd2 Nc6 17.d4 exd4 18.cxd4 Nb4 19.Ng4 Be7 20.Bxf6 Bxf6 21.Bb1 h5 22.Nxf6+ Qxf6
23.a3 Nc6 24.d5 Ne5 25.Nxe5 dxe5 26.Ba2 Red8 27.Rac1 Rac8 28.Re3 Qg5 29.Qe1 Rd6
30.Rec3 Rg6 31.g3 Qe7 32.Qe3 c4 33.Qe2 h4 34.b3 hxg3 35.hxg3 Qxa3 36.bxc4 Qc5
37.Qh5 b4 38.Rd3 Re8 39.Bb3 Bc8 40.Qe2 Bd7 41.Qc2 Rd8 42.Ra1 Bc8 43.Qd2 Rg4
44.Qe3 Qxe3 45.Rxe3 Rg6 46.c5  1-0

[Event "TCh-NED Meesterklasse 2012-13"]
[Site "Netherland NED"]
[Date "2013.04.06"]
[Round "8.5"]
[White "Ootes,La"]
[Black "Van de Oudeweetering,A"]
[Result "1-0"]
[WhiteElo "2335"]
[BlackElo "2312"]

1.e4 e5 2.Nf3 Nc6 3.Bb5 a6 4.Ba4 Nf6 5.O-O b5 6.Bb3 Bb7 7.d3 Be7 8.a4 O-O
9.Nc3 Na5 10.Ba2 b4 11.Nd5 Nxd5 12.exd5 b3 13.cxb3 Bxd5 14.Nxe5 Bf6 15.d4 Rb8
16.Re1 Re8 17.Bd2 Nxb3 18.Re3 Nxd4 19.Bxd5 Rxe5 20.Rxe5 Bxe5 21.Qh5 Qf6 22.Re1 Bd6
23.Bc3 c5 24.Bc4 g6 25.Qd5 Qf4 26.Kf1 Rf8 27.g3 Qf6 28.Re4 Qf5 29.Rxd4 Qh3+
30.Kg1  1-0

[Event "23rd ch-SLO 2013"]
[Site "Sentjur SLO"]
[Date "2013.04.07"]
[Round "3.15"]
[White "Florjancic,R"]
[Black "Titan,M"]
[Result "1/2-1/2"]
[WhiteElo "1889"]
[BlackElo "2166"]

1.e4 e5 2.Nf3 Nc6 3.Bb5 a6 4.Ba4 Nf6 5.O-O b5 6.Bb3 Bb7 7.Re1 Bc5 8.c3 d6
9.d4 Bb6 10.Bg5 h6 11.Bh4 g5 12.Bg3 O-O 13.a4 Re8 14.Bc2 exd4 15.cxd4 Nb4
16.Nc3 Nxc2 17.Qxc2 b4 18.a5 bxc3 19.axb6 cxb6 20.e5 cxb2 21.Qxb2 Nh5 22.Qb3 Nxg3
23.hxg3 Bxf3 24.gxf3 dxe5 25.dxe5 Re6 26.Ra4 b5 27.Rae4 Qb6 28.f4 gxf4 29.Rxf4 Rae8
30.Ree4 R8e7 31.Qd5 Rg6 32.Kg2 Qe6 33.Qd4 Re8 34.Rg4 Rc8 35.Rxg6+ fxg6 36.Rf4 Rf8
37.Re4 Rf7 38.Qc5 Kg7 39.Rd4 Re7 40.f4 Rd7 41.Rd6 Rxd6 42.exd6 Qe2+ 43.Kg1 Qe1+
44.Kg2 Qe2+ 45.Kg1  1/2-1/2

[Event "23rd ch-SLO 2013"]
[Site "Sentjur SLO"]
[Date "2013.04.08"]
[Round "4.15"]
[White "Cretnik,Urban"]
[Black "Markoja,S"]
[Result "1/2-1/2"]
[WhiteElo "1806"]
[BlackElo "2092"]

1.e4 e5 2.Nf3 Nc6 3.Bb5 a6 4.Ba4 Nf6 5.O-O b5 6.Bb3 Bb7 7.c3 Nxe4 8.d4 exd4
9.Qe2 d5 10.Ng5 Be7 11.Nxf7 Kxf7 12.Qxe4 Na5 13.Qf3+ Bf6 14.cxd4 Nxb3 15.axb3 Rf8
16.Bg5 Kg8 17.Bxf6 Rxf6 18.Qc3 Qd7 19.Nd2 Re8  1/2-1/2

[Event "ch-LAT 2013"]
[Site "Riga LAT"]
[Date "2013.04.13"]
[Round "1.1"]
[White "Kovalenko,I"]
[Black "Krustkalns,K"]
[Result "1-0"]
[WhiteElo "2596"]
[BlackElo "2244"]

1.e4 e5 2.Nf3 Nc6 3.Bb5 a6 4.Ba4 Nf6 5.O-O b5 6.Bb3 Bb7 7.d3 Bd6 8.a3 h6
9.Nc3 O-O 10.Ne2 Re8 11.Ng3 Bf8 12.Ba2 d5 13.exd5 Nxd5 14.c4 bxc4 15.dxc4 Nf6
16.Be3 Qxd1 17.Raxd1 a5 18.Bb3 e4 19.Nd4 Ne5 20.Nb5 Rac8 21.Nf5 Nfd7 22.Bc2 Nc5
23.b3 Ncd3 24.Ra1 Red8 25.h3 Kh7 26.Nfd4 g6 27.Ne2 Bg7 28.Ra2 f5 29.Na7 Ra8
30.Nb5 Rd7 31.Rd1 Rad8 32.Kf1 g5 33.Nbc3 f4 34.Bd2 Kh8 35.Nd5 Bxd5 36.cxd5 Rxd5
37.Nc3 Nxf2 38.Nxd5 Nxd1 39.Bxe4 c6 40.Ne7 a4 41.bxa4 Nc4 42.Bb4 Bb2 43.Nxc6 Re8
44.Bd3 Nde3+ 45.Kg1 Bf6 46.a5 Rc8 47.Be4 Ne5 48.Bc3 N3c4 49.a6 Kg7 50.a7  1-0

[Event "FSGM April 2013"]
[Site "Budapest HUN"]
[Date "2013.04.15"]
[Round "9.3"]
[White "Zhou,Y"]
[Black "Bai,Jinshi"]
[Result "1/2-1/2"]
[WhiteElo "2442"]
[BlackElo "2295"]

1.e4 e5 2.Nf3 Nc6 3.Bb5 a6 4.Ba4 Nf6 5.O-O b5 6.Bb3 Bb7 7.d3 Be7 8.Nc3 O-O
9.Bd2 d6 10.Nd5 Nxd5 11.Bxd5 Qd7 12.Re1 Nd8 13.Bxb7 Nxb7 14.d4 exd4 15.Nxd4 Bf6
16.c3 Na5 17.Bf4 Rfe8 18.Qc2 Nc6 19.Rad1 Rad8 20.a3 g6 21.h3 Ne5 22.Bg3 Nc4
23.Qc1 c5 24.Nf3 Qe6 25.Nd2 Nxd2 26.Qxd2 Qc4 27.Qd5 Re6 28.Qxc4 bxc4 29.f3 Be7
30.Rd5 Kf8 31.Red1 Ke8 32.R1d2 f6 33.Kf2 Rd7 34.Bf4 Bf8 35.g4 g5 36.Bg3 Kd8
37.Ke1 Kc8 38.Kd1 Be7 39.Kc2 Rd8 40.b3 cxb3+ 41.Kxb3 Kb7 42.Kc4 Kc6 43.Rb2 h5
44.Rd1 hxg4 45.hxg4 Rh8 46.Rdb1 Bd8 47.Rb8 Rh3 48.Rxd8 Rxg3 49.Ra8 Rxf3 50.Rxa6+ Kc7
51.Ra7+ Kc6 52.Ra6+ Kc7 53.Kb5 Re7 54.Ra7+ Kd8 55.Ra8+ Kd7 56.Ra7+ Ke6 57.Rxe7+ Kxe7
58.a4 Rxc3 59.a5 Kd7 60.Kb6 c4 61.Rb4 Rc1 62.a6 c3 63.a7 Ra1 64.Rc4 Rb1+
65.Ka5 Ra1+ 66.Kb6 Rb1+ 67.Ka5  1/2-1/2

[Event "4th LUCOPEN 2013"]
[Site "Lille FRA"]
[Date "2013.04.18"]
[Round "8.7"]
[White "Gharamian,T"]
[Black "Schoorl,R"]
[Result "1-0"]
[WhiteElo "2663"]
[BlackElo "2326"]

1.e4 e5 2.Nf3 Nc6 3.Bb5 a6 4.Ba4 Nf6 5.O-O b5 6.Bb3 Bb7 7.d3 Bd6 8.a4 h6
9.Na3 O-O 10.Bd2 Bxa3 11.bxa3 d5 12.Re1 dxe4 13.dxe4 Nd4 14.Nxd4 exd4 15.e5 Ne4
16.Rxe4 Bxe4 17.Qg4 Bf5 18.Qxf5 c5 19.c4 Qc8 20.Qd3 bxa4 21.Bc2 g6 22.Bxh6 Re8
23.Re1 Qc6 24.h3 f5 25.Qg3 Qe6 26.Bxa4 Reb8 27.Bd7 Qxd7 28.Qxg6+ Kh8 29.Bg5  1-0

[Event "7th Agzamov Memorial"]
[Site "Tashkent UZB"]
[Date "2013.04.20"]
[Round "7"]
[White "Ziatdinov,R"]
[Black "Yeo,M"]
[Result "1-0"]
[WhiteElo "2356"]
[BlackElo "2155"]

1.e4 e5 2.Nf3 Nc6 3.Bb5 a6 4.Ba4 Nf6 5.O-O b5 6.Bb3 Bb7 7.d3 Be7 8.a4 O-O
9.Nc3 b4 10.Nd5 Nxd5 11.Bxd5 d6 12.d4 Qc8 13.Be3 exd4 14.Nxd4 Nxd4 15.Qxd4 Bxd5
16.Qxd5 Bf6 17.Rab1 Re8 18.Rfd1 Qe6 19.f3 Qxd5 20.Rxd5 Re5 21.Rd3 Rae8 22.Kf2 g6
23.b3 Bg7 24.Rbd1 f5 25.exf5 gxf5 26.g3 Kf7 27.Re1 R8e6 28.Rdd1 c5 29.Bd2 Rxe1
30.Rxe1 Bd4+ 31.Kf1 Rxe1+ 32.Kxe1 Be5 33.Ke2 h5 34.Kd3 Ke6 35.Be1 Kf6 36.Bf2 Ke6
37.h3 Bf6 38.Be3 Be7 39.Bf4 d5 40.Ke3 Bf8 41.Kf2 Be7 42.Bh6 Bd6 43.Bg5 Bf8
44.Ke3 Bd6 45.g4 fxg4 46.fxg4 hxg4 47.hxg4 Bf8 48.Bf4 Be7 49.Kf3 Bf8 50.Bb8 Bh6
51.Ba7 Kd6 52.Kg3 Be3 53.Bb8+ Ke6 54.Bf4 Bd4 55.Kh4 c4 56.Kg3 Bg7 57.Kf3 Bf8
58.Bc7 Bh6 59.Bb6 Bd2 60.Bd4 Bg5 61.Be3 Bf6 62.Bd2 Be7 63.Kf4 Bd6+ 64.Kg5 d4
65.bxc4 d3 66.cxd3 b3 67.Bc3 Ba3 68.d4 b2 69.d5+ Kd6 70.Bxb2 Bxb2 71.Kg6 Kc5
72.g5 Be5 73.Kf7 Kxc4 74.Ke6  1-0

[Event "48th Capablanca Open I 2013"]
[Site "Havana CUB"]
[Date "2013.04.25"]
[Round "5.39"]
[White "Calvo Quinteiro,J"]
[Black "Gomez Fontal,F"]
[Result "1-0"]
[WhiteElo "2248"]
[BlackElo "2373"]

1.e4 e5 2.Nf3 Nc6 3.Bb5 a6 4.Ba4 Nf6 5.O-O b5 6.Bb3 Bb7 7.c3 Be7 8.d4 d6
9.Re1 O-O 10.Nbd2 h6 11.a3 Re8 12.h3 Bf8 13.Bc2 g6 14.b4 Bg7 15.d5 Ne7 16.Nb3 Rc8
17.c4 c6 18.dxc6 Nxc6 19.cxb5 axb5 20.Bd3 d5 21.Nc5 dxe4 22.Nxe4 Nxe4 23.Bxe4 f5
24.Bd5+ Kh7 25.Bb2 e4 26.Bxg7 Kxg7 27.Bxc6 Rxc6 28.Qd4+ Qf6 29.Rad1 Re7 30.Qxf6+ Kxf6
31.Nd4 Rb6 32.Nb3 Ke5 33.Nc5 Bc6 34.f4+ Kxf4 35.Rd6 e3 36.Rxg6 h5 37.h4 Ra7
38.Ne6+ Ke4 39.Nd8 Raa6 40.Re6+ Kf4 41.Rf1+ Kg4 42.Rg6+  1-0

[Event "48th Capablanca Open I 2013"]
[Site "Havana CUB"]
[Date "2013.04.30"]
[Round "9.26"]
[White "Miranda Rodriguez,T"]
[Black "Hernandez Marquez,N"]
[Result "0-1"]
[WhiteElo "2131"]
[BlackElo "2358"]

1.e4 e5 2.Nf3 Nc6 3.Bb5 a6 4.Ba4 Nf6 5.O-O b5 6.Bb3 Bb7 7.d3 Be7 8.a4 O-O
9.Re1 d6 10.Nbd2 Nd7 11.axb5 axb5 12.Rxa8 Bxa8 13.c3 Nc5 14.Bc2 Bf6 15.Qe2 Ne6
16.Nf1 Ne7 17.Ng3 Ng6 18.Nh5 Be7 19.d4 c6 20.Rd1 Qc8 21.Qf1 Qb7 22.Ng3 Rd8
23.Bb3 exd4 24.cxd4 c5 25.dxc5 dxc5 26.Rxd8+ Bxd8 27.Bd5 Qa6 28.Bxa8 Qxa8
29.Qxb5 Qa1 30.Qf1 Bf6 31.b3 Qb1 32.Nd2 Qa2 33.Qd3 Nd4 34.Qc4 h5 35.Nxh5 Bg5
36.Nf1 Bxc1 37.Qxc5 Ne2+ 38.Kh1 Qxb3 39.Qc8+ Kh7 40.Qh3 Qxh3 41.gxh3 Nef4
42.Nxf4 Nxf4 43.h4 Ng6 44.h5 Nf4 45.Ng3 Ba3 46.Kg1 Bc5 47.Kf1 Nh3 48.f3 Nf4
49.Ke1 Bg1 50.h4 Bb6 51.h6 g6 52.h5 Nxh5 53.Nxh5 gxh5 54.Ke2 Bc7 55.Ke3 h4  0-1

[Event "26th Metropolitan GM"]
[Site "Los Angeles USA"]
[Date "2013.05.09"]
[Round "3"]
[White "Panchanathan,M"]
[Black "Georgiev,Vl"]
[Result "1-0"]
[WhiteElo "2578"]
[BlackElo "2559"]

1.e4 e5 2.Nf3 Nc6 3.Bb5 a6 4.Ba4 Nf6 5.O-O b5 6.Bb3 Bb7 7.Qe2 Be7 8.c3 O-O
9.d4 d6 10.a4 Rb8 11.axb5 axb5 12.d5 Qd7 13.dxc6 Qxc6 14.Nbd2 Nxe4 15.Nxe4 Qxe4
16.Qxe4 Bxe4 17.Re1 Ra8 18.Bg5 Bxg5 19.Nxg5 Bg6 20.Bd5 Ra4 21.b4 Bc2 22.f4 h6
23.Nxf7 c6 24.Be6  1-0

[Event "14th Euro Indiv 2013"]
[Site "Legnica POL"]
[Date "2013.05.10"]
[Round "6.34"]
[White "Meribanov,V"]
[Black "Bartel,Mat"]
[Result "0-1"]
[WhiteElo "2431"]
[BlackElo "2619"]

1.e4 e5 2.Nf3 Nc6 3.Bb5 a6 4.Ba4 Nf6 5.O-O b5 6.Bb3 Bb7 7.d3 Be7 8.Nc3 O-O
9.a4 Na5 10.Ba2 b4 11.Ne2 d5 12.exd5 Bxd5 13.Bxd5 Qxd5 14.Ng3 Rfe8 15.b3 Nc6
16.Re1 Bc5 17.Bb2 Rad8 18.Qe2 Bd4 19.Bxd4 Nxd4 20.Nxd4 Qxd4 21.Qf3 Re6 22.Rac1 g6
23.Ne4 Nd5 24.Ng5 Re7 25.Qe4 Qb6 26.Qh4 f6 27.Ne4 Kg7 28.Nd2 Rdd7 29.Nc4 Qc5
30.Ne3 Nf4 31.Qg3 Kf7 32.Qf3 c6 33.Nc4 Kg7 34.Nd2 Qd5 35.Re4 Rb7 36.Rce1 Ne6
37.Qd1 Nd4 38.Nf3 Nf5 39.Qe2 c5 40.h3 Rbc7 41.Qd1 Red7 42.Nd2 Nd6 43.R4e2 Re7
44.Qc1 Nf5 45.Re4 Nd6 46.R4e2 Rf7 47.Nf3 Nf5 48.Re4 Rc6 49.Nd2 Nd4 50.Nc4 Ne6
51.Qe3 Qd8 52.Qe2 Rcc7 53.Qd1 Rcd7 54.Qc1 Rd5 55.Qb2 Qc7 56.R4e3 Rd4 57.Qc1 Nf4
58.Nd2 Qc6 59.Nf3 Rd8 60.Re4 Ne6 61.Qb2 Kg8 62.Qa1 Rc7 63.Qc1 Qd6 64.Qd1 Nf4
65.Qc1 g5 66.Nd2 Rg7 67.Nc4 Qd7 68.Ne3 h5 69.f3 Qc8 70.Qd2 Rd4 71.Qf2 Kh7
72.Kh2 Kg6 73.Kg1 Rh7 74.Qg3 Rg7 75.Nc4 Kh7 76.Ne3 Qe6 77.Qf2 Re7 78.Nc4 Rg7
79.Ne3 Rgd7 80.Nc4 Kh6 81.Kh2 Ng6 82.Qg3 h4 83.Qf2 Nf4 84.Qd2 Kh7 85.Rxd4 Rxd4
86.Re4 Nd5 87.Qe1 Nc3 88.Re3 Qf5 89.Kh1 Rd7 90.Qf2 Nd1 91.Qe1 Nxe3 92.Qxe3 Rd4
93.Nd2 Qf4 94.Qxf4 gxf4 95.Ne4 f5 96.Nd2 Kg6 97.Kg1 Kf6 98.Kf2 Ke6 99.Ke2 Rd8
100.Nc4 Rg8 101.Kf2 Kd5  0-1

[Event "26th Metropolitan GM"]
[Site "Los Angeles USA"]
[Date "2013.05.10"]
[Round "6"]
[White "Panchanathan,M"]
[Black "Amanov,Z"]
[Result "1-0"]
[WhiteElo "2578"]
[BlackElo "2375"]

1.e4 e5 2.Nf3 Nc6 3.Bb5 a6 4.Ba4 Nf6 5.O-O b5 6.Bb3 Bb7 7.d3 Be7 8.a4 O-O
9.Re1 d6 10.Nbd2 Na5 11.Ba2 c5 12.Nf1 b4 13.Ne3 Bc8 14.Nd2 Be6 15.Ndc4 Nxc4
16.Bxc4 Ne8 17.c3 a5 18.Qb3 Nc7 19.Nd5 Rb8 20.Nxc7 Qxc7 21.Bxe6 bxc3 22.Bxf7+ Rxf7
23.Qxc3 Qd8 24.Re2 Rb4 25.Bd2 Bg5 26.Be1 Ra7 27.Qc2 Rb8 28.Qc4+ Kh8 29.Bc3 Qd7
30.Rf1 Rf8 31.Ree1 h5 32.Ra1 Bh6 33.Qb3 Rf6 34.Qd1 Qf7 35.Qe1 Rg6 36.Kh1 h4
37.h3 Rf6 38.Bxa5 Qe6 39.f3 Rg6 40.Bd2 Rg3 41.Rf2 Rf7 42.Qf1 d5 43.a5 Bxd2
44.Rxd2 d4 45.Rf2 Qa6 46.Kh2 Rb7 47.Qc1  1-0

[Event "14th Euro Indiv 2013"]
[Site "Legnica POL"]
[Date "2013.05.11"]
[Round "7.84"]
[White "Selbes,T"]
[Black "Godena,M"]
[Result "0-1"]
[WhiteElo "2314"]
[BlackElo "2511"]

1.e4 e5 2.Nf3 Nc6 3.Bb5 a6 4.Ba4 Nf6 5.O-O b5 6.Bb3 Bb7 7.c3 Nxe4 8.d4 exd4
9.Re1 d5 10.Ng5 Qf6 11.Bxd5 Qxf2+ 12.Kh1 O-O-O 13.Nxe4 Qf5 14.c4 bxc4 15.Bxc4 Ne5
16.Bd3 Nxd3 17.Qxd3 Kb8 18.Nbd2 Re8 19.Qxd4 Bc5 20.Qc4 Qd5 21.Qxd5 Bxd5 22.Re2 f5
23.Nxc5 Rxe2 24.Nf3 Bxf3 25.gxf3 Re1+ 26.Kg2 Rhe8 27.Nxa6+ Kc8 28.Nc5 R8e2+
29.Kg3 g5 30.f4 g4 31.a4 Rg1+ 32.Kh4 Rxh2+ 33.Kg5 g3 34.a5 g2 35.Nb3 Re1
36.Be3 Rxe3 37.a6 Rh1  0-1

[Event "26th Metropolitan GM"]
[Site "Los Angeles USA"]
[Date "2013.05.11"]
[Round "7"]
[White "Amanov,Z"]
[Black "Georgiev,Vl"]
[Result "0-1"]
[WhiteElo "2375"]
[BlackElo "2559"]

1.e4 e5 2.Nf3 Nc6 3.Bb5 a6 4.Ba4 Nf6 5.O-O b5 6.Bb3 Bb7 7.d3 Be7 8.a4 O-O
9.Re1 d6 10.Nbd2 Na5 11.Ba2 c5 12.Nf1 b4 13.Bg5 Rb8 14.N3d2 Kh8 15.c3 bxc3
16.bxc3 Ng8 17.Be3 d5 18.d4 exd4 19.cxd4 cxd4 20.Bxd4 Nc6 21.Bb2 Nb4 22.Bb1 dxe4
23.Nxe4 Qxd1 24.Rxd1 Rfd8 25.Re1 Nd3 26.Bxd3 Rxd3 27.Be5 Rbd8 28.Nfg3 f6
29.Bc7 R8d5 30.f3 f5 31.Nf2 Bc5 32.Rab1 Bc6 33.Bb6 Bxf2+ 34.Kxf2 Bxa4 35.Nh5 Rd2+
36.Kg3 g5 37.h4 f4+ 38.Kh2 h6 39.Ra1 Bb5 40.Ba5 Rc2 41.Re6 Kh7 42.Bb4 Rc4
43.Be1 gxh4 44.Nf6+ Nxf6 45.Rxf6 Kg7 46.Rb6 Rc2 47.Bxh4 Rh5 48.Kh3 Bd7+  0-1

[Event "26th Metropolitan GM"]
[Site "Los Angeles USA"]
[Date "2013.05.11"]
[Round "8"]
[White "Sevillano,E"]
[Black "Amanov,Z"]
[Result "1/2-1/2"]
[WhiteElo "2500"]
[BlackElo "2375"]

1.e4 e5 2.Nf3 Nc6 3.Bb5 a6 4.Ba4 Nf6 5.O-O b5 6.Bb3 Bb7 7.Re1 Bc5 8.c3 O-O
9.d4 Bb6 10.Bg5 h6 11.Bh4 Re8 12.d5 Na5 13.Bc2 c6 14.dxc6 dxc6 15.Nbd2 c5
16.Qe2 Re6 17.Rad1 Qc7 18.Nf1 Nc4 19.Bxf6 Rxf6 20.Bb3 Nd6 21.Bd5 c4 22.Qc2 Re8
23.Ne3 Bc8 24.Rd2 Rf4 25.Kh1 Kh8 26.Ng1 Bc5 27.h3 Qb6 28.b4 cxb3 29.axb3 b4
30.c4 a5 31.g3 Rf6 32.Rd3 Bd7 33.Kg2 Rb8 34.Rb1 Qa7 35.Ne2 Rg6 36.Qb2 Re8
37.Rbd1 Qc7 38.g4 Rf6 39.f3 Qb6 40.Nf5 Bxf5 41.exf5 a4 42.bxa4 e4 43.fxe4 Nxe4
44.Bxe4 Rxe4 45.Rd8+ Kh7 46.Ng3 Rxc4 47.Qe5 Rc2+ 48.Kh1 Bd6 49.Qe8 Rh2+ 50.Kxh2 Qf2+
51.Kh1 Qf3+ 52.Kg1 Qxg3+ 53.Kf1 Qxh3+ 54.Ke1 Qg3+ 55.Kd2 Bf4+ 56.Kc2 Qc3+
57.Kb1 Qb3+ 58.Ka1 Qc3+ 59.Kb1 Qb3+ 60.Ka1 Qa3+  1/2-1/2

[Event "e2e4 Sunningdale Open"]
[Site "Ascot ENG"]
[Date "2013.05.26"]
[Round "4"]
[White "Burrows,M"]
[Black "Ledger,D"]
[Result "1-0"]
[WhiteElo "2144"]
[BlackElo "2287"]

1.e4 e5 2.Nf3 Nc6 3.Bb5 a6 4.Ba4 Nf6 5.O-O b5 6.Bb3 Bb7 7.d3 Be7 8.a4 O-O
9.Nc3 b4 10.Nd5 Nxd5 11.Bxd5 d6 12.Bd2 Rb8 13.Qe1 a5 14.c3 Qd7 15.Bc4 bxc3
16.bxc3 Qc8 17.d4 exd4 18.cxd4 Nb4 19.Qe2 Qg4 20.Bxb4 axb4 21.Rfe1 Bf6 22.Rab1 c5
23.dxc5 dxc5 24.h3 Qg6 25.Bd5 Bc3 26.Red1 Ba6 27.Bc4 Bb7 28.Bd5 Ba6 29.Bc4 Ra8
30.Rd5 Bb7 31.Ne5 Bxe5 32.Rxe5 Rxa4 33.Rd1 Ra3 34.Re7 Ba6 35.Rxf7 Bxc4 36.Rxf8+ Kxf8
37.Qxc4 Qg5 38.f4 Qe7 39.Rd5 g6 40.Rxc5 Rc3 41.Rc8+ Kg7 42.Qd4+ Kh6 43.g4 Rxh3
44.g5+ Kh5 45.Kg2 Rh4 46.Qd1+ Rg4+ 47.Kh3 Qe6 48.Re8 Qxe8 49.Qxg4+  1-0

[Event "Grand Europe Open Albena"]
[Site "Albena BUL"]
[Date "2013.06.05"]
[Round "5.19"]
[White "Kanmazalp,O"]
[Black "Stefanova,A"]
[Result "1-0"]
[WhiteElo "2382"]
[BlackElo "2531"]

1.e4 e5 2.Nf3 Nc6 3.Bb5 a6 4.Ba4 Nf6 5.O-O b5 6.Bb3 Bb7 7.c3 Nxe4 8.d4 exd4
9.Re1 d5 10.Ng5 Qd7 11.Nxf7 Qxf7 12.Rxe4+ Be7 13.Rf4 Bf6 14.cxd4 O-O-O 15.Nc3 Qe6
16.Be3 h5 17.Rc1 Be7 18.Qf3 Nb4 19.Re4 Qd7 20.Rxe7 Qxe7 21.a3 Nd3 22.Qf5+ Kb8
23.Qxd3 Qf6 24.Qd2 Rd7 25.Bf4 Ka8 26.Be5 Qb6 27.Nd1 Re8 28.Ne3 g5 29.Qc2 Qe6
30.a4 c6 31.Qc5 Qe7 32.Qxe7 Rexe7 33.axb5 cxb5 34.Rc5 Ka7 35.Nxd5 Bxd5 36.Bxd5 b4
37.g3 Kb6 38.f4 h4 39.Bf3 hxg3 40.hxg3 gxf4 41.gxf4 Rh7 42.Kg2 Rd8 43.Rc6+ Kb5
44.Rg6 Kc4 45.d5 Kd3 46.Kg3 a5 47.d6 Ra7 48.Bd5 Kd2 49.Kf3 a4 50.Ke4 a3 51.bxa3 bxa3
52.Rg2+ Ke1 53.Ke3 Kf1 54.Rh2  1-0

[Event "2nd Grand Europe Open 2013"]
[Site "Golden Sands BUL"]
[Date "2013.06.14"]
[Round "5.6"]
[White "Paravyan,D"]
[Black "Georgiev,Vl"]
[Result "1/2-1/2"]
[WhiteElo "2373"]
[BlackElo "2532"]

1.e4 e5 2.Nf3 Nc6 3.Bb5 a6 4.Ba4 Nf6 5.O-O b5 6.Bb3 Bb7 7.d3 Be7 8.Nc3 O-O
9.Bd2 d6 10.Nd5 Nd7 11.c3 Na5 12.Nxe7+ Qxe7 13.Bg5 Qe8 14.Bc2 f5 15.Be3 fxe4
16.dxe4 Nc4 17.Bc1 Nc5 18.b3 Nb6 19.Be3 Nxe4 20.Bxe4 Bxe4 21.Ng5 Bb7 22.Bxb6 cxb6
23.Qxd6 Rf6 24.Qc7 Bxg2 25.Kxg2 Rc6 26.Qb7 Rb8 27.Qa7 Rg6 28.h4 h6 29.f4 hxg5
30.fxg5 Rd6 31.Rf2 Rd7 32.Qxa6 Qh5 33.Qxb5 Qg4+ 34.Kf1 Qh3+ 35.Kg1 Qg3+ 36.Rg2 Qe3+
37.Kh1 Qh3+ 38.Kg1 Qe3+ 39.Kh1  1/2-1/2

[Event "6th Sveins Memorial"]
[Site "Oslo NOR"]
[Date "2013.06.22"]
[Round "3"]
[White "Westerinen,H"]
[Black "Mihajlov,Seb"]
[Result "0-1"]
[WhiteElo "2318"]
[BlackElo "2101"]

1.e4 e5 2.Nf3 Nc6 3.Bb5 a6 4.Ba4 Nf6 5.O-O b5 6.Bb3 Bb7 7.d3 Be7 8.Nc3 d6
9.a4 b4 10.Nd5 Na5 11.Nxb4 Nxb3 12.cxb3 d5 13.Nxd5 Nxd5 14.exd5 Qxd5 15.Qc2 Qd6
16.Be3 Qg6 17.Ne1 Bd6 18.f3 Bd5 19.b4 O-O 20.Bc5 f5 21.Rd1 Qe6 22.Qe2 Bb3
23.Ra1 Qd5 24.Qe3 Rfd8 25.Ra3 Rab8 26.Kh1 Bxc5 27.bxc5 Qd4 28.Qg5 Qxb2 29.Rxb3 Qxb3
30.Qxf5 Qd5 31.g3 Qxc5 32.Ng2 Qd5 33.Rd1 Rf8 34.Ne3 Qxf3+ 35.Qxf3 Rxf3 36.Nc4 Rd8
37.Nxe5 Re3 38.Nc6 Rexd3 39.Rg1 R8d6 40.Ne7+ Kf8 41.Nf5 R6d5  0-1

[Event "Gold Coast Open 2013"]
[Site "Gold Coast AUS"]
[Date "2013.06.23"]
[Round "3"]
[White "Solomon,SJ"]
[Black "Vucak,Mark"]
[Result "1-0"]
[WhiteElo "2401"]
[BlackElo "1812"]

1.e4 e5 2.Nf3 Nc6 3.Bb5 a6 4.Ba4 Nf6 5.O-O b5 6.Bb3 Bb7 7.Re1 Bc5 8.c3 d6
9.d4 Bb6 10.a4 O-O 11.Bg5 h6 12.Bh4 g5 13.Bg3 Re8 14.dxe5 Nxe5 15.Nxe5 dxe5
16.Qf3 Kg7 17.axb5 axb5 18.Rxa8 Bxa8 19.h3 Qe7 20.Nd2 Bc6 21.Nf1 Nd7 22.Ne3 Bxe3
23.Qxe3 f6 24.f3 Nc5 25.Bd5 Bxd5 26.exd5 Qd6 27.Bf2 Na4 28.b3 Nb6 29.Rd1 Rd8
30.Qe4 h5 31.c4 bxc4 32.bxc4 Na4 33.Ra1 Nc5 34.Qb1 Nd7 35.Ra7 Rb8 36.Qf5 Nf8
37.h4 Rb2 38.hxg5 Rxf2 39.Qxf6+ Qxf6 40.gxf6+ Kxf6 41.Kxf2 Ng6 42.Rxc7 Nf4
43.g3 Nd3+ 44.Ke3 Nb4 45.Rb7 Nc2+ 46.Ke4 Nd4 47.f4 Ne2 48.fxe5+ Kg6 49.d6 Nxg3+
50.Kd3 h4 51.d7  1-0